000 01621cam a2200433 a 4500
001 24068
005 20230410123428.0
008 060907s2003 sp a b 100 0 spa c
010 _a 2005394984
035 _a(OCoLC)ocm55844545
040 _aPL#
_cPL#
_dDLC
_dNDD
020 _a8481386049
020 _a9788481386042
029 1 _aAU@
_b000027781639
035 _a(OCoLC)55844545
041 0 _aspa
_aeng
042 _apcc
050 1 4 _aJZ1318
_bG562 2003
050 1 4 _a1mover1Karines
082 0 0 _a303.48/2
_222
245 0 3 _aLa globalización :
_bun estudio interdisciplinario /
_cMiguel Angel Díaz Mier (editor).
260 _a[Alcalá de Henares] :
_bInstituto Universitario de Investigación de Estudios Norteamericanos, Universidad de Alcalá,
_c2003.
300 _a378 p. :
_bill. ;
_c24 cm.
490 1 _aBiblioteca de estudios norteamericanos ;
_v6
546 _aSpanish and English.
500 _aProceedings of a conference held Nov. 29-30, 2001, organized by and held at the Instituto Universitario de Investigación de Estudios Norteamericanos.
504 _aIncludes bibliographical references.
650 0 _aGlobalization
_vCongresses.
650 0 _aGlobalization
_xEconomic aspects
_vCongresses.
653 _aGlobalización.
653 _aGlobalización (Economía)
700 1 _aDíaz Mier, Miguel Angel.
710 2 _aUniversidad de Alcalá.
_bInstituto Universitario de Estudios Norteamericanos.
830 0 _aBiblioteca de estudios norteamericanos ;
_v6.
938 _aPuvill Libros
_bPUVL
_n8481386049
_c$21.62
942 _2lcc
_cbk
994 _aC0
_bDRFGD
946 _acc
999 _c61226
_d61226